00502nam a2200157Ia 450000500170000000800410001708200130005810000210007124500390009226000390013130000130017065000410018394200060022495200990023099900150032920250405112222.0240331s9999 xx 000 0 und d bSUBa894 aSubramaniam, A.V 0aBharathi kanda kavithaith thalaivi aChennaibVanathi Pathippagamc1982 a232 p ., aBharathi Kanda puthumai pen Kavithai cL 001040708LaWERCLbWERCLcSSCd2024-03-31l0o 894.811 SUBp2605r2024-03-31w2024-03-31yL c3772d3772